| 000 | 00633nam a22001937a 4500 | ||
|---|---|---|---|
| 999 |
_c165466 _d165466 |
||
| 005 | 20190618165221.0 | ||
| 010 | _aENG-125670 | ||
| 020 |
_a9789388398299 _c260.00 |
||
| 035 | _aEN-109201 | ||
| 037 | _bDBAD/PUB | ||
| 082 | _a230.35 | ||
| 100 | _aValli G. | ||
| 245 |
_aPeoples saint : _cby G. Valli [et...al] _bMother Teresa / |
||
| 260 |
_aChennai _bShanlax Publications _c2019 |
||
| 270 |
_a61, 66 T.P.K. Main Road _bVasantha Nagar, Madurai _e625003 _k0452-4208765, 7639303383 _mpublisher@shanlaxpublications.com |
||
| 300 |
_a145p; _c22cm(pbk) _bill. |
||
| 700 | _aValli, G. | ||
| 942 |
_2ddc _cEN _h230.35 _mPEO |
||